[Event "ISR-chT"]
[Site "Ramat Aviv"]
[Date "2000.03.17"]
[Round "6.7"]
[White "Kristol, Luba Danielovna"]
[Black "Potikha, Liza"]
[Result "1-0"]
[WhiteElo "2225"]
[BlackElo "2099"]
[PlyCount "101"]
[EventDate "2000.01.14"]
[EventType "team"]
[EventRounds "11"]
[EventCountry "ISR"]
[SourceTitle "CBM 077"]
[Source "ChessBase"]
[SourceDate "2000.07.27"]
[SourceVersion "1"]
[SourceVersionDate "2000.07.27"]
[SourceQuality "1"]
[WhiteTeam "Jerusalem Elitzur"]
[BlackTeam "Kfar Saba"]
[WhiteTeamCountry "ISR"]
[BlackTeamCountry "ISR"]

1. e4 e5 2. Nf3 Nc6 3. Bc4 Nf6 4. Ng5 d5 5. exd5 Na5 6. Bb5+ c6 7. dxc6 bxc6 8. Be2 h6 9. Nh3 Qd4 10. d3 Qh4 11. Nc3 Bc5 12. 0-0 g5 13. Be3 Be7 14. Kh1 Bxh3 15. gxh3 Qxh3 16. Bf3 Rb8 17. b3 e4 18. Nxe4 Nxe4 19. Bg4 Qh4 20. dxe4 Rd8 21. Qf3 h5 22. Bf5 g4 23. Qf4 Nb7 24. e5 Bc5 25. Be4 Qe7 26. Bxc6+ Kf8 27. Rad1 Bxe3 28. Qxe3 Qc7 29. Bxb7 Qxb7+ 30. Kg1 Re8 31. Qg5 h4 32. Rd8 h3 33. Rxe8+ Kxe8 34. Qxg4 Kf8 35. Rd1 Qa8 36. Kf1 Rg8 37. Qxh3 Qh1+ 38. Ke2 Qe4+ 39. Qe3 Qxc2+ 40. Rd2 Qc7 41. Qh6+ Ke8 42. Qd6 Qc8 43. Qf6 Qc7 44. h4 Rg6 45. Qf5 Re6 46. f4 Rg6 47. Qe4 Rg4 48. e6 Kf8 49. Rd7 Qxf4 50. Qxf4 Rxf4 51. Rxf7+ 1-0